000 00352 a2200169 4500
001 156826
020 _a978852602201
040 _cEscola São Tomás de Aquino
100 _aBANDEIRA, Manuel
240 1 0 _aPra brincar
_lpor
245 1 0 _aPra brincar
300 _a29 p.
362 0 _a2016
440 1 _aGlobal
697 _aPoesia
942 _cBK
999 _c156826
_d156826